000 00877nam a22002177a 4500
999 _c5160
_d5160
003 AR-CdUCM
008 190312b ||||| |||| 00| 0 spa d
040 _aMUNICIPALIDAD PROVINCIAL DEL CUSCO
_cBIBLIOTECA MUNICIPAL DEL CUSCO
082 _a720 /
_bH17
100 _aHalse, Albert O.
_915667
245 _aArchitectural Rendering :
_bThe techniques of contemporary presentation /
260 _aUnited States of América :
_bMcGraw-Hill Book Company ;
_c1960.
300 _a277 páginas ;
_bFotografías, ilustraciones, planos
_c29cm
505 _aContenido: The importance of rendering in architecture -- The magic of imagery -- A quick look at perspective -- Some rules of composition -- A study of light...
650 _aArchitecture
_915668
650 _aLight
_915669
650 _aPerspective
_915670
650 _aColor
_915671
942 _2ddc
_cLIBROS
945 _anom